Река жизни: пер. с англ.

Bibliografiset tiedot
Muut tekijät: Лорие Ю. И. (редактор)
Kieli:venäjä
Julkaistu: Москва, Мир, 1965
Aiheet:
Aineistotyyppi: MixedMaterials Kirja
KOHA link:https://koha.lib.tpu.ru/cgi-bin/koha/opac-detail.pl?biblionumber=211296

MARC

LEADER 00000nam0a2200000 4500
001 211296
005 20231031192442.0
035 |a (RuTPU)RU\TPU\book\230807 
090 |a 211296 
100 |a 20120312d1965 m y0rusy50 ca 
101 1 |a rus  |c eng 
102 |a RU 
105 |a y z 000zy 
200 1 |a Река жизни  |e пер. с англ.  |f под ред. Ю. И. Лорие 
210 |a Москва  |c Мир  |d 1965 
215 |a 288 с. 
610 1 |a жизнь 
610 1 |a кровь 
610 1 |a свойства 
610 1 |a кровообращение 
610 1 |a организм человека 
610 1 |a жизненные процессы 
675 |a 5А  |v 3 
702 1 |a Лорие  |b Ю. И.  |4 340 
801 1 |a RU  |b 63413507  |c 20120312 
801 2 |a RU  |b 63413507  |c 20120322  |g RCR 
942 |c BK